000 00679nam a2200241 i 4500
001 C2-0014112
003 PPAK
005 20190630221926.0
008 970130s1990 my |||| ||||| | may d
020 _a9679840204
040 _aPPAK
_beng
_cPPAK
_erda
082 0 4 _a297.4
_223
090 0 0 _a297.4
_bALG
_dG
100 0 _aAl-Ghazali,
_cImam
_eauthor
245 1 0 _aSunah Nabi antara ahli fiqah dan ahli hadis
264 1 _aKuala Lumpur :
_bNurin Enterprise ,
_c1990
300 _a262 pages ;
_c21 cm
336 _2rdacontent
_atext
337 _2rdamedia
_aunmediated
338 _2rdacarrier
_avolume
650 1 0 _aReligious life (Islam) - Koranic teaching
942 _ddc
_cB
999 _c3434
_d3434